Представление документа в формате RUSMARC

ПолеНазваниеЗначение
  Тип записи a
  Библиографический уровень m
001 Контрольный номер RU/CBS_UL/BASE/711216819
005 Дата корректировки 20240209175050.1
010 Индекс ISBN __
a ISBN 978-5-9533-4064-9
b Уточнения в пер.
d Цена 134 р. 00 к.
9 Тираж 80 000 экз.
090 Данные записи __
a Состояние записи 63.3(0)
b Тип записи Книги
c Язык записи Русский
d Отрасль знаний (КСУ) Другая
e Секретность Несекретно
g Вид записи Монография (однотомник)
x Дата передачи записи для обработки П13
100 Данные общей обработки __
a Данные общей обработки 20110421d2013 u u 1rusy ||||ca
101 Язык документа 0_
a Язык текста rus
105 Кодированные данные (монография) __
a Кодированные данные (монография) a z 000yy
181 Поле кодированных данных: вид содержания _1
a Код вида содержания (ISBD) i#
b Код характеристики содержания (ISBD) #xxe##
d i
g x
h x
i e
182 Поле кодированных данных: тип средства _1
a Код типа средства (ISBD) n
2 Код системы (источник кода, отличный от ISBD) isbdmedia
200 Заглавие и сведения об ответственности 1_
a Заглавие 100 великих чудес света
b Общее обозначение материала Текст
g Последующие сведения об ответственности [авт.-сост. Ионина Н. А.]
w Текст (визуальный) : непосредственный
203 Вид содержания и тип средства __
a Вид содержания Текст
b Характеристика содержания визуальный
c Тип средства непосредственный
210 Выходные данные 1_
a Место издания Москва
c Издательство Вече
d Дата издания 2009
215 Физическое описание __
a Объем 431 с.
c Иллюстрации/тип воспроизводства ил.
d Формат 21,5 см.
225 Серия 0_
a Серия 100 великих
300 Общие примечания __
a Общие примечания 12+
606 Тематические рубрики 0_
a Основная рубрика Всемирная история - Чудеса света
610 Ключевые слова 0_
a Ключевые слова история
a Ключевые слова история всемирная
a Ключевые слова чудеса света
a Ключевые слова достопримечательности известные
a Ключевые слова чудеса России
686 Индексы других классификаций __
a Классификационный индекс 63.3(0)
2 Код системы rubbk
801 Источник записи _0
a Страна RU
b Организация МБУК ЦБС г. Ульяновска
c Дата составления 20110422
801 Источник записи _1
a Страна RU
b Организация МБУК ЦБС г. Ульяновска
c Дата составления 20110422
899 Данные о местонахождении __
3 Книга № 18004
a Местонахождение 18 ф
i Авторский знак С 81
j Расстановочный фильтр 63.3(0)
d Название фонда Инв.книга №1
q Состояние Свободно
x Инвентарный номер 145662
900 Электронные ресурсы __
a Имя электронного ресурса 100 великих чудес света
901 Тип документа __
t Тип документа m
910 Корректоры записи __
a Корректор записи Мотина